000 00958nam a22002897a 4500
001 BR0100175
003 BR-BrBNA
005 20230928100755.0
007 ta
008 230509b bl.||||| |||| 00| 0 por d
040 _aBR-BrBNA
_bpor
_cBiblioteca Nacional de Agricultura
041 _a(Por)
072 _aF04; F08
_b3855
090 _ 3855 BR0100175
110 1 _aOrganizacao das Cooperativas do Estado do Parana, Cascavel (Brasil)
_97725
111 1 _a3. Reuniao Centro-Sul de Adubacao Verde e Rotacao de Culturas
_cCascavel, PR (Brazil)
_d25-27 Jun 1991
245 1 _aAta da 3. Reuniao Centro-Sul de Adubacao Verde e Rotacao de Culturas
260 3 _aCascavel, PR (Brasil):
_c1991.
300 _a218 p.
500 _aSummary (Por); Several Bibliography; 49 tables; 27 illus.
650 _aAdubo Verde
650 _aRotacao de Cultura
650 _aPratica Cultural
650 _aSul
909 _a202309
_bLucia
_c55
_dLucia Elande
942 _cBK
999 _c62739
_d62739